<?xml version="1.0" encoding="UTF-8"?>
<record
    xmlns:xsi="http://www.w3.org/2001/XMLSchema-instance"
    xsi:schemaLocation="http://www.loc.gov/MARC21/slim http://www.loc.gov/standards/marcxml/schema/MARC21slim.xsd"
    xmlns="http://www.loc.gov/MARC21/slim">

  <leader>02441nam a22003017a 4500</leader>
  <controlfield tag="001">8600</controlfield>
  <controlfield tag="003">FISKH</controlfield>
  <controlfield tag="005">20251002123221.0</controlfield>
  <controlfield tag="008">251002b        cb ||||| |||| 00| 0 eng d</controlfield>
  <datafield tag="020" ind1=" " ind2=" ">
    <subfield code="a">9789995084370</subfield>
  </datafield>
  <datafield tag="040" ind1=" " ind2=" ">
    <subfield code="a">FISKH</subfield>
    <subfield code="b">khr</subfield>
    <subfield code="c">FISKH</subfield>
    <subfield code="d">FISKH</subfield>
  </datafield>
  <datafield tag="050" ind1=" " ind2=" ">
    <subfield code="a">PZ7</subfield>
  </datafield>
  <datafield tag="100" ind1=" " ind2=" ">
    <subfield code="a">Sotheary, Kimsun</subfield>
  </datafield>
  <datafield tag="245" ind1=" " ind2=" ">
    <subfield code="a">&#x1791;&#x17B9;&#x1780;&#x1785;&#x17B7;&#x178F;&#x17D2;&#x178F;&#x1780;&#x17BC;&#x1793;&#x1794;&#x17D2;&#x179A;&#x17BB;&#x179F;&#x200B; :</subfield>
    <subfield code="b">The sons' heart / </subfield>
    <subfield code="c">&#x1793;&#x17B7;&#x1796;&#x1793;&#x17D2;&#x1792;&#x178A;&#x17C4;&#x1799; &#x17A2;&#x17D2;&#x1793;&#x1780;&#x179F;&#x17D2;&#x179A;&#x17B8; &#x1782;&#x17B9;&#x1798;&#x179F;&#x17CA;&#x17BB;&#x1793;&#x200B; &#x179F;&#x17BB;&#x1792;&#x17B6;&#x179A;&#x17B8; ,&#x200B; &#x1780;&#x17C2;&#x179F;&#x1798;&#x17D2;&#x179A;&#x17BD;&#x179B;&#x178A;&#x17C4;&#x1799; &#x17A2;&#x17D2;&#x1793;&#x1780;&#x179F;&#x17D2;&#x179A;&#x17B8; &#x179B;&#x17B9;&#x1798; &#x179F;&#x1793;&#x17D2;&#x178F;&#x17B7;&#x1797;&#x17B6;&#x1796; &#x1793;&#x17B7;&#x1784;&#x179B;&#x17C4;&#x1780; &#x1784;&#x17C9;&#x17BC;&#x179C; &#x1784;&#x17B8;&#x17C6;&#x200B;&#x1798;</subfield>
  </datafield>
  <datafield tag="260" ind1=" " ind2=" ">
    <subfield code="a">Phnom Penh : </subfield>
    <subfield code="b">Reading Books , </subfield>
    <subfield code="c">2009. </subfield>
  </datafield>
  <datafield tag="300" ind1=" " ind2=" ">
    <subfield code="a">28 pages : </subfield>
    <subfield code="b">color illustrations ;</subfield>
    <subfield code="c">25 cm . </subfield>
  </datafield>
  <datafield tag="490" ind1=" " ind2=" ">
    <subfield code="a">&#x1796;&#x17B7;&#x1797;&#x1796;&#x179A;&#x17BF;&#x1784;&#x1793;&#x17B7;&#x1791;&#x17B6;&#x1793;</subfield>
  </datafield>
  <datafield tag="505" ind1=" " ind2=" ">
    <subfield code="a">M 
</subfield>
  </datafield>
  <datafield tag="520" ind1=" " ind2=" ">
    <subfield code="a">&#x17AA;&#x1796;&#x17BB;&#x1780;&#x1798;&#x17D2;&#x1793;&#x17B6;&#x1780;&#x17CB;&#x1794;&#x17B6;&#x1793;&#x179F;&#x17D2;&#x178F;&#x17B6;&#x1794;&#x17CB;&#x1796;&#x17B6;&#x1780;&#x17D2;&#x1799;&#x1797;&#x179A;&#x17B7;&#x1799;&#x17B6;&#x1790;&#x17D2;&#x1798;&#x17B8;&#x179A;&#x1794;&#x179F;&#x17CB;&#x1781;&#x17D2;&#x179B;&#x17BD;&#x1793; &#x17A0;&#x17BE;&#x1799;&#x1794;&#x17C4;&#x17C7;&#x1794;&#x1784;&#x17CB;&#x1780;&#x17BC;&#x1793;&#x1794;&#x17D2;&#x179A;&#x17BB;&#x179F;&#x1796;&#x17B8;&#x179A;&#x1793;&#x17B6;&#x1780;&#x17CB;&#x1785;&#x17C4;&#x179B;&#x1780;&#x17D2;&#x1793;&#x17BB;&#x1784;&#x1796;&#x17D2;&#x179A;&#x17C3;&#x17D4; &#x1780;&#x17BC;&#x1793;&#x1791;&#x17B6;&#x17C6;&#x1784;&#x1796;&#x17B8;&#x179A;&#x1794;&#x17B6;&#x1793;&#x179A;&#x179F;&#x17CB;&#x179A;&#x17B6;&#x1793;&#x1798;&#x17B6;&#x1793;&#x1787;&#x17B8;&#x179C;&#x17B7;&#x178F;&#x178A;&#x17C4;&#x1799;&#x1780;&#x17B6;&#x179A;&#x1794;&#x17D2;&#x179A;&#x1798;&#x17B6;&#x1789;&#x17CB;&#x179F;&#x178F;&#x17D2;&#x179C; &#x1793;&#x17C1;&#x179F;&#x17B6;&#x1791; &#x1793;&#x17B7;&#x1784;&#x178A;&#x17B6;&#x17C6;&#x178A;&#x17C6;&#x178E;&#x17B6;&#x17C6;&#x17D4; &#x1796;&#x17BD;&#x1780;&#x1782;&#x17C1;&#x1794;&#x17B6;&#x1793;&#x1781;&#x17B7;&#x178F;&#x1781;&#x17C6;&#x1792;&#x17D2;&#x179C;&#x17BE;&#x1780;&#x17B6;&#x179A;&#x178A;&#x17CF;&#x1796;&#x17B7;&#x1794;&#x17B6;&#x1780;&#x1793;&#x17C5;&#x1780;&#x17D2;&#x1793;&#x17BB;&#x1784;&#x1785;&#x1798;&#x17D2;&#x1780;&#x17B6;&#x179A;&#x179A;&#x1799;&#x17C8;&#x1796;&#x17C1;&#x179B;&#x1794;&#x17C9;&#x17BB;&#x1793;&#x17D2;&#x1798;&#x17B6;&#x1793;&#x1786;&#x17D2;&#x1793;&#x17B6;&#x17C6; &#x1793;&#x17B7;&#x1784;&#x1794;&#x17B6;&#x1793;&#x1780;&#x17D2;&#x179B;&#x17B6;&#x1799;&#x1787;&#x17A2;&#x17D2;&#x1793;&#x1780;&#x1798;&#x17B6;&#x1793;&#x17D4;
&#x1793;&#x17C5;&#x1796;&#x17C1;&#x179B;&#x1796;&#x17BD;&#x1780;&#x1782;&#x17C1;&#x1794;&#x17B6;&#x1793;&#x1787;&#x17BD;&#x1794;&#x17AA;&#x1796;&#x17BB;&#x1780;&#x179C;&#x17B7;&#x1789; &#x1796;&#x17BD;&#x1780;&#x1782;&#x17C1;&#x1798;&#x17B7;&#x1793;&#x1794;&#x17B6;&#x1793;&#x1781;&#x17B9;&#x1784;&#x17AC;&#x1792;&#x17D2;&#x179C;&#x17BE;&#x17A2;&#x17C6;&#x1796;&#x17BE;&#x17A2;&#x17B6;&#x1780;&#x17D2;&#x179A;&#x1780;&#x17CB;&#x1793;&#x17B9;&#x1784;&#x17AA;&#x1796;&#x17BB;&#x1780;&#x1791;&#x17C1; &#x1791;&#x17B6;&#x179B;&#x17CB;&#x178F;&#x17C2;&#x1794;&#x17B6;&#x1793;&#x17A2;&#x1793;&#x17BB;&#x1789;&#x17D2;&#x1789;&#x17B6;&#x178F;&#x1793;&#x17B7;&#x1784;&#x17A2;&#x1784;&#x17D2;&#x179C;&#x179A; &#x1794;&#x17C6;&#x1796;&#x17C1;&#x1789;&#x179F;&#x17C1;&#x1785;&#x1780;&#x17D2;&#x178F;&#x17B8;&#x179B;&#x17D2;&#x17A2;&#x179C;&#x17B7;&#x1789;&#x17D4;</subfield>
  </datafield>
  <datafield tag="520" ind1=" " ind2=" ">
    <subfield code="a">The father who listened to his new wife and abandaned two sons in the wood; the boys survived by hunting, fishing and planting; the boys worked hard in the farm for years and became rich. When they met their father, they didn't angry with him and repaid a good deed.</subfield>
  </datafield>
  <datafield tag="521" ind1="8" ind2=" ">
    <subfield code="a">530 
</subfield>
    <subfield code="b">Lexile estimate 
</subfield>
  </datafield>
  <datafield tag="521" ind1="8" ind2=" ">
    <subfield code="a">M 
</subfield>
    <subfield code="b">Raz-Plus 
</subfield>
  </datafield>
  <datafield tag="650" ind1=" " ind2=" ">
    <subfield code="a">&#x1791;&#x17B9;&#x1780;&#x1785;&#x17B7;&#x178F;&#x17D2;&#x178F;&#x1780;&#x17BC;&#x1793;&#x1794;&#x17D2;&#x179A;&#x17BB;&#x179F;&#x200B;</subfield>
    <subfield code="v">&#x179A;&#x17BF;&#x1784;&#x1793;&#x17B7;&#x1791;&#x17B6;&#x1793;&#x1780;&#x17BB;&#x1798;&#x17B6;&#x179A;&#x200B;</subfield>
  </datafield>
  <datafield tag="650" ind1=" " ind2=" ">
    <subfield code="a">The sons' heart</subfield>
    <subfield code="v">Children's stories </subfield>
  </datafield>
  <datafield tag="700" ind1=" " ind2=" ">
    <subfield code="a">Bora, Hong </subfield>
    <subfield code="e">Illustrator </subfield>
  </datafield>
  <datafield tag="942" ind1=" " ind2=" ">
    <subfield code="2">ddc</subfield>
    <subfield code="c">KHB</subfield>
    <subfield code="n">0</subfield>
  </datafield>
  <datafield tag="999" ind1=" " ind2=" ">
    <subfield code="c">8600</subfield>
    <subfield code="d">8600</subfield>
  </datafield>
  <datafield tag="952" ind1=" " ind2=" ">
    <subfield code="0">0</subfield>
    <subfield code="1">0</subfield>
    <subfield code="2">ddc</subfield>
    <subfield code="4">0</subfield>
    <subfield code="7">0</subfield>
    <subfield code="8">Khmer-English Bilingual </subfield>
    <subfield code="a">002</subfield>
    <subfield code="b">002</subfield>
    <subfield code="c">TTP Khmer</subfield>
    <subfield code="d">2025-10-02</subfield>
    <subfield code="l">0</subfield>
    <subfield code="o">SOT PZ7</subfield>
    <subfield code="p">FIS04325</subfield>
    <subfield code="r">2025-10-02 12:32:18</subfield>
    <subfield code="w">2025-10-02</subfield>
    <subfield code="y">KHB</subfield>
  </datafield>
</record>
